000 01338nam0a2200325 4500
001 RU\NLR\BIBL_A\011737171
005 20180705103417.0
010 _a978-5-9710-5134-3
021 _aRU
_bКН-П-18-038556
_9КН-П-18-2775
035 _a(NLR Aleph) 011737171
035 _a(RuMoRGB)009644619
090 _a11559335
_c11559335
100 _a20180625d2018 u y0rusy50 ca
101 0 _arus
102 _aRU
105 _aa z 000zy
200 1 _aФизика в повседневной жизни
_eколлекция опытов в домашних условиях
_fА. С. Дмитриев
205 _aНовое, полноценное изд.
210 _aМосква
_cURSS
_d2018
215 _a284 с.
_cцв. ил., табл.
_d25
225 1 _aНауку - Всем! Шедевры научно-популярной литературы
_iФизика
_v№ 69
606 1 _aЗанимательная физика
_92174935
_3RU\NLR\AUTH\661308097
686 _aВ3я92
_2rubbk
686 1 _aВ3я92
700 1 _7ca
_8rus
_aДмитриев
_bА. С.
_cфизик-кибернетик, социолог
_f1961-
_gАлександр Станиславович
_963360
_3RU\NLR\AUTH\7780432
942 _cBOOK
980 _aNBR
980 _aNB